• 首页
  • 本馆介绍
  • 公告通知
  • 最新文献
  • 馆藏检索
  • 电子资源
  • 读者导购
  • 参考咨询
  • 我的图书馆
  • 登录
  • 详细信息显示
  • 放入我的书架
  • 预约/预借图书
  • 作者相关作品
  • 分类相关作品
  • 丛书相关作品
  • 出版社相关作品

书目信息

  • 表格格式
  • 工作单格式
  • 卡片格式
题名:
世界名街
    
 
作者: 徐斌 , 李鹏 撰稿
分册:  
出版信息: 长春   长春出版社  2009
页数: 228页
开本: 25cm
丛书名:
单 册:
中图分类: K915
科图分类:
主题词: 城市道路--简介--世界 , 城市道路
电子资源:
ISBN: 978-7-5445-0329-7
000 00966nam0 2200289 45
001 1050829562
005 20100420092041.74
010    @a978-7-5445-0329-7@dCNY29.80
100    @a20100409d2009 em y0chiy0110 ea
101 0  @achi
102    @aCN@b220000
105    @aa z 000yy
106    @ar
200 1  @a世界名街@AShi Jie Ming Jie@dFamous streets of the world@f徐斌,李鹏撰稿@FXu Bin, Li Peng Zhuan Gao@zeng
205    @a2版
210    @a长春@c长春出版社@d2009
215    @a228页@c照片@d25cm
300    @a世界人文地理
330    @a本书分亚洲、非洲、澳洲、欧洲、美洲五部分介绍了世界名街,包括:和平大街、新宿大街、海滨大道、共和国大街、皮特大街、白厅大街、三权广场大道、新娘街等。
510 1  @aFamous streets of the world@zeng
606 0  @a城市道路@x简介@y世界
606 0  @a城市道路
690    @aK915@v4
701  0 @a徐斌@AXu Bin@4撰稿
701  0 @a李鹏@ALi Peng@4撰稿
801  0 @aCN@bTANGWEI@c20100420
905    @b0590876-77@dK915@e188=2@f2
    
    世界名街=Famous streets of the world/徐斌,李鹏撰稿.-2版.-长春:长春出版社,2009
    228页:照片;25cm
    世界人文地理
    
    ISBN 978-7-5445-0329-7:CNY29.80
    本书分亚洲、非洲、澳洲、欧洲、美洲五部分介绍了世界名街,包括:和平大街、新宿大街、海滨大道、共和国大街、皮特大街、白厅大街、三权广场大道、新娘街等。
●
相关链接 在E读中查询图书 在五车中查询图书 在当当中查询图书 在豆瓣中查询图书


正题名:世界名街     索取号:K915/188=2         预约/预借

序号 登录号 条形码 馆藏地/架位号 状态 备注
1 0590876   205908767   第二样本阅览室/ [索取号:K915/188=2] 在馆    
2 0590877   205908776   第二借阅区/ [索取号:K915/188=2] 在馆    
唐山师范学院图书馆 欢迎您!
大连网信软件有限公司© 版权所有